[Event "Titled Tuesday intern op 19th Sep Early"]
[Site "Chess.com INT"]
[Date "2023.09.19"]
[Round "4"]
[White "Gu, Xiaobing"]
[Black "Orozbaev, Eldiar"]
[Result "0-1"]
[WhiteElo "2144"]
[BlackElo "2286"]
[PlyCount "140"]
[EventDate "2023.09.19"]
[EventType "swiss (blitz)"]
[EventRounds "11"]
[EventCountry "USA"]
[SourceTitle "EXT 2024"]
[Source "ChessBase"]
[SourceDate "2023.10.10"]
[SourceVersion "1"]
[SourceVersionDate "2023.10.10"]
[SourceQuality "1"]

1. e4 e6 2. d4 d5 3. Nd2 c5 4. exd5 exd5 5. Ngf3 Nc6 6. Bb5 Bd6 7. dxc5 Bxc5 8. 0-0 Nge7 9. Nb3 Bb6 10. Re1 0-0 11. Be3 Bg4 12. Bxb6 Qxb6 13. Be2 Rfe8 14. Nfd4 Bxe2 15. Rxe2 Rad8 16. Qd2 Nxd4 17. Qxd4 Qxd4 18. Nxd4 Nc6 19. Rxe8+ Rxe8 20. Nxc6 bxc6 21. Kf1 Kf8 22. Rd1 Rb8 23. b3 Rb4 24. Ke2 Ke7 25. c3 Rh4 26. h3 Kd6 27. Ke3 Rh6 28. Rd4 Re6+ 29. Kd2 Kc7 30. c4 dxc4 31. Rxc4 Rg6 32. g3 Rf6 33. Ke3 Re6+ 34. Kd3 Re1 35. Rf4 f6 36. h4 a5 37. a4 Kd6 38. Rd4+ Kc7 39. Rg4 g6 40. h5 g5 41. Re4 Rd1+ 42. Kc4 Rc1+ 43. Kd3 Rd1+ 44. Kc3 Rf1 45. Re7+ Kd6 46. Rxh7 Rxf2 47. Ra7 Rf3+ 48. Kd4 Rxb3 49. Rxa5 Rxg3 50. Ra8 Rh3 51. Rd8+ Ke7 52. Rh8 Rh4+ 53. Kc5 Rxa4 54. Kxc6 Rh4 55. Kd5 Kf7 56. Rh7+ Kg8 57. Rh6 Kg7 58. Rg6+ Kf7 59. Rh6 g4 60. Ke4 g3+ 61. Kf3 Rg4 62. Kg2 f5 63. Rh7+ Kf6 64. Ra7 f4 65. Ra6+ Kg7 66. Ra4 f3+ 67. Kxf3 Rxa4 68. Kxg3 Kh6 69. Kh3 Ra5 70. Kg3 Rxh5 0-1

[Event "Titled Tuesday intern op 29th Aug Early"]
[Site "Chess.com INT"]
[Date "2023.08.29"]
[Round "4"]
[White "Gu, Xiaobing"]
[Black "Aadit, Bhatia"]
[Result "1-0"]
[WhiteElo "2144"]
[BlackElo "2064"]
[PlyCount "117"]
[EventDate "2023.08.29"]
[EventType "swiss (blitz)"]
[EventRounds "11"]
[EventCountry "USA"]
[SourceTitle "EXT 2024"]
[Source "ChessBase"]
[SourceDate "2023.10.10"]
[SourceVersion "1"]
[SourceVersionDate "2023.10.10"]
[SourceQuality "1"]

1. e4 e5 2. Nf3 Nc6 3. Bb5 a6 4. Bxc6 dxc6 5. 0-0 f6 6. d4 Bg4 7. c3 Bd6 8. Be3 Ne7 9. Nbd2 Ng6 10. h3 Be6 11. c4 exd4 12. Nxd4 Bd7 13. Qh5 0-0 14. Rad1 Qe8 15. Rfe1 Rd8 16. c5 Be5 17. Nc4 Bf4 18. g3 Bxe3 19. Rxe3 Be6 20. Nxe6 Qxe6 21. Rxd8 Rxd8 22. b3 Rd4 23. Qf5 Kf7 24. h4 Qxf5 25. exf5 Ne7 26. Na5 b6 27. cxb6 cxb6 28. Rxe7+ Kxe7 29. Nxc6+ Kd6 30. Nxd4 Ke5 31. Ne2 Kxf5 32. Kg2 Ke4 33. Nc3+ Kd3 34. Nd5 Kc2 35. Nxb6 Kb2 36. b4 Kxa2 37. Nd5 Ka3 38. Kf3 Kb3 39. Ke4 Kc4 40. f4 h5 41. Nc7 Kxb4 42. Nxa6+ Kb5 43. Nc7+ Kc6 44. Ne8 g6 45. Nxf6 Kd6 46. f5 Ke7 47. Ke5 Kf7 48. fxg6+ Kxg6 49. Ke6 Kg7 50. Nxh5+ Kh6 51. g4 Kg6 52. Ke5 Kh6 53. Kf6 Kh7 54. g5 Kg8 55. g6 Kh8 56. g7+ Kh7 57. Kf7 Kh6 58. g8Q Kxh5 59. Qg5# 1-0

[Event "Titled Tuesday intern op 29th Aug Early"]
[Site "Chess.com INT"]
[Date "2023.08.29"]
[Round "6"]
[White "Gu, Xiaobing"]
[Black "Souleidis, Georgios"]
[Result "0-1"]
[WhiteElo "2144"]
[BlackElo "2419"]
[PlyCount "110"]
[EventDate "2023.08.29"]
[EventType "swiss (blitz)"]
[EventRounds "11"]
[EventCountry "USA"]
[SourceTitle "EXT 2024"]
[Source "ChessBase"]
[SourceDate "2023.10.10"]
[SourceVersion "1"]
[SourceVersionDate "2023.10.10"]
[SourceQuality "1"]

1. e4 c5 2. Nf3 e6 3. c4 Nc6 4. d4 cxd4 5. Nxd4 Bc5 6. Nc2 Qb6 7. Qd2 Nf6 8. Nc3 Qc7 9. Be2 0-0 10. 0-0 a6 11. a3 b6 12. b4 Be7 13. Bb2 Bb7 14. Rac1 Rfd8 15. Ne3 Qf4 16. f3 a5 17. g3 Qh6 18. b5 Bc5 19. Ncd1 Ne7 20. Kg2 d5 21. cxd5 exd5 22. e5 d4 23. exf6 dxe3 24. Qc3 Nd5 25. Qe5 Nxf6 26. Bc4 Rd2+ 27. Nf2 Rxf2+ 28. Rxf2 exf2 29. Qc7 f1Q+ 30. Rxf1 Qd2+ 31. Kh3 Bd5 32. Bxf6 gxf6 33. Bxd5 Qxd5 34. Re1 Qf5+ 35. Kg2 Qc2+ 36. Kh3 Qf5+ 37. Kg2 Rc8 38. Qb7 Bxa3 39. Re4 Rc2+ 40. Kg1 Bc5+ 41. Kf1 Qxf3+ 42. Ke1 Qe2+ 43. Rxe2 Rxe2+ 44. Kxe2 a4 45. Kd3 a3 46. Kc2 Kg7 47. Kb3 Kg6 48. Qe4+ Kg7 49. Qg4+ Kf8 50. h4 h6 51. h5 Be7 52. Qe2 Bc5 53. Kc4 Kg7 54. Kd5 Kf8 55. Kc6 Kg7 0-1

[Event "Titled Tuesday intern op 29th Aug Early"]
[Site "Chess.com INT"]
[Date "2023.08.29"]
[Round "2"]
[White "Ovchinnikov, Vsevolod"]
[Black "Gu, Xiaobing"]
[Result "1-0"]
[WhiteElo "2426"]
[BlackElo "2144"]
[PlyCount "103"]
[EventDate "2023.08.29"]
[EventType "swiss (blitz)"]
[EventRounds "11"]
[EventCountry "USA"]
[SourceTitle "EXT 2024"]
[Source "ChessBase"]
[SourceDate "2023.10.10"]
[SourceVersion "1"]
[SourceVersionDate "2023.10.10"]
[SourceQuality "1"]

1. d4 Nf6 2. c4 g6 3. Nc3 Bg7 4. e4 d6 5. Nf3 0-0 6. h3 e5 7. d5 a5 8. g4 Na6 9. Be3 Nc5 10. Nd2 Ne8 11. a3 f5 12. Rg1 f4 13. Bxc5 dxc5 14. g5 h6 15. gxh6 Bxh6 16. Rxg6+ Bg7 17. Qh5 Rf6 18. 0-0-0 Rxg6 19. Qxg6 Ra6 20. Qg1 Rh6 21. Nf3 Bxh3 22. Nxe5 Qh4 23. Nf3 Qh5 24. Bxh3 Qxh3 25. Ng5 Qh5 26. Ne6 Rg6 27. Qh1 Qxh1 28. Rxh1 Bxc3 29. bxc3 Nd6 30. f3 Nxc4 31. Nxf4 Rf6 32. Rh4 Ne5 33. Ne6 Rxf3 34. Kc2 c4 35. Rf4 Rxf4 36. Nxf4 Kf7 37. Ne6 c6 38. Nd8+ Ke8 39. Nxb7 cxd5 40. exd5 Kd7 41. Nxa5 Kd6 42. Nc6 Nxc6 43. dxc6 Kxc6 44. Kd2 Kb5 45. Ke3 Ka4 46. Kd4 Kb5 47. Kd5 Ka4 48. Kxc4 Kxa3 49. Kb5 Kb3 50. c4 Kc3 51. c5 Kd4 52. c6 1-0

[Event "Titled Tuesday intern op 29th Aug Early"]
[Site "Chess.com INT"]
[Date "2023.08.29"]
[Round "5"]
[White "Santos Flores, Alberto Javier"]
[Black "Gu, Xiaobing"]
[Result "1/2-1/2"]
[WhiteElo "2200"]
[BlackElo "2144"]
[PlyCount "60"]
[EventDate "2023.08.29"]
[EventType "swiss (blitz)"]
[EventRounds "11"]
[EventCountry "USA"]
[SourceTitle "EXT 2024"]
[Source "ChessBase"]
[SourceDate "2023.10.10"]
[SourceVersion "1"]
[SourceVersionDate "2023.10.10"]
[SourceQuality "1"]

1. e4 c5 2. Nf3 d6 3. Bb5+ Bd7 4. Bxd7+ Qxd7 5. c4 Nf6 6. Nc3 g6 7. d4 cxd4 8. Nxd4 Bg7 9. f3 0-0 10. Be3 Nc6 11. Rc1 a6 12. b3 Nxd4 13. Bxd4 b5 14. Nd5 bxc4 15. Nxf6+ exf6 16. Rxc4 f5 17. Bxg7 Kxg7 18. 0-0 fxe4 19. Rxe4 Rfe8 20. Rd4 Re6 21. Qd2 Rae8 22. Rd1 Re2 23. Qc3 Qa7 24. h3 Rxa2 25. Kh2 Kg8 26. Rxd6 Qf2 27. R1d2 Qe1 28. Rd8 Rxd2 29. Qxd2 Qxd2 30. Rxd2 Re3 1/2-1/2

[Event "Titled Tuesday intern op 29th Aug Early"]
[Site "Chess.com INT"]
[Date "2023.08.29"]
[Round "9"]
[White "Valenzuela Gomez, Fernando Alberto"]
[Black "Gu, Xiaobing"]
[Result "1-0"]
[WhiteElo "2393"]
[BlackElo "2144"]
[PlyCount "69"]
[EventDate "2023.08.29"]
[EventType "swiss (blitz)"]
[EventRounds "11"]
[EventCountry "USA"]
[SourceTitle "EXT 2024"]
[Source "ChessBase"]
[SourceDate "2023.10.10"]
[SourceVersion "1"]
[SourceVersionDate "2023.10.10"]
[SourceQuality "1"]

1. d4 Nf6 2. c4 g6 3. Nc3 Bg7 4. e4 d6 5. Be2 0-0 6. Be3 Na6 7. Nf3 c6 8. 0-0 e5 9. d5 Ng4 10. Bg5 f6 11. Bh4 h5 12. Ne1 Nh6 13. f3 Nf7 14. a3 c5 15. Nd3 Bh6 16. Bf2 f5 17. b4 b6 18. bxc5 Nxc5 19. Nxc5 dxc5 20. a4 Nd6 21. a5 Rb8 22. axb6 axb6 23. Ra7 Bf4 24. Qb3 Qg5 25. Kh1 Be3 26. Nb5 Bxf2 27. Nxd6 Bd4 28. Qa4 h4 29. Nxc8 h3 30. gxh3 Rfxc8 31. Qd7 Qh6 32. exf5 Rd8 33. Qe6+ Kh8 34. Bd3 Qxh3 35. Qf6+ 1-0

[Event "Titled Tuesday intern op 15th Aug Early"]
[Site "Chess.com INT"]
[Date "2023.08.15"]
[Round "1"]
[White "Djordjevic, Vuk D"]
[Black "Gu, Xiaobing"]
[Result "1-0"]
[WhiteElo "2373"]
[BlackElo "2144"]
[PlyCount "67"]
[EventDate "2023.08.15"]
[EventType "swiss (blitz)"]
[EventRounds "11"]
[EventCountry "USA"]
[SourceTitle "EXT 2024"]
[Source "ChessBase"]
[SourceDate "2023.10.10"]
[SourceVersion "1"]
[SourceVersionDate "2023.10.10"]
[SourceQuality "1"]

1. d4 Nf6 2. Bg5 g6 3. Bxf6 exf6 4. c4 d5 5. cxd5 Qxd5 6. Nc3 Qa5 7. e3 f5 8. g3 Bg7 9. Nge2 c6 10. h4 h5 11. Bg2 Nd7 12. 0-0 Nf6 13. Rb1 0-0 14. b4 Qc7 15. Nf4 Ne8 16. b5 Nd6 17. Qb3 Kh7 18. Rfc1 Bd7 19. bxc6 bxc6 20. Na4 Rab8 21. Qc2 Qa5 22. Nc5 Rxb1 23. Rxb1 Be8 24. Rb8 Qe1+ 25. Kh2 Nb5 26. a4 Nc3 27. Rb3 Nd5 28. Nxd5 cxd5 29. Bxd5 Qa1 30. Rb1 Qa3 31. Qb2 Qxb2 32. Rxb2 f6 33. Ne6 Rh8 34. Rb7 1-0

[Event "Titled Tuesday intern op 08th Aug Early"]
[Site "Chess.com INT"]
[Date "2023.08.08"]
[Round "4"]
[White "Gu, Xiaobing"]
[Black "Geivondian, Arman"]
[Result "1-0"]
[WhiteElo "2144"]
[BlackElo "2306"]
[PlyCount "73"]
[EventDate "2023.08.08"]
[EventType "swiss (blitz)"]
[EventRounds "11"]
[EventCountry "USA"]
[SourceTitle "EXT 2024"]
[Source "ChessBase"]
[SourceDate "2023.10.10"]
[SourceVersion "1"]
[SourceVersionDate "2023.10.10"]
[SourceQuality "1"]

1. e4 c6 2. d4 d5 3. exd5 cxd5 4. Nf3 Nf6 5. Bd3 Bg4 6. h3 Bxf3 7. Qxf3 Nc6 8. c3 Rc8 9. 0-0 e6 10. Re1 Be7 11. Qg3 g6 12. Bh6 Qa5 13. Nd2 Kd7 14. Nb3 Qc7 15. Qe3 b6 16. Bb5 Kd8 17. Bf4 Qb7 18. Qd3 Re8 19. Ba6 Qa8 20. Bxc8 Qxc8 21. a4 a5 22. Nd2 Nd7 23. Nf3 h5 24. Bg5 f6 25. Bd2 Nf8 26. Nh4 f5 27. Qg3 Bxh4 28. Qxh4+ Kd7 29. b4 Nd8 30. bxa5 bxa5 31. Rab1 Kc6 32. Qg3 Nf7 33. Rb5 Kd7 34. Reb1 Ke7 35. Rb7+ Kf6 36. Bg5+ Nxg5 37. Qe5# 1-0

[Event "Titled Tuesday intern op 08th Aug Early"]
[Site "Chess.com INT"]
[Date "2023.08.08"]
[Round "2"]
[White "Pham, Le Thao Nguyen"]
[Black "Gu, Xiaobing"]
[Result "1-0"]
[WhiteElo "2370"]
[BlackElo "2144"]
[PlyCount "75"]
[EventDate "2023.08.08"]
[EventType "swiss (blitz)"]
[EventRounds "11"]
[EventCountry "USA"]
[SourceTitle "EXT 2024"]
[Source "ChessBase"]
[SourceDate "2023.10.10"]
[SourceVersion "1"]
[SourceVersionDate "2023.10.10"]
[SourceQuality "1"]

1. d4 Nf6 2. c4 g6 3. Nf3 Bg7 4. g3 d6 5. Bg2 0-0 6. 0-0 Nc6 7. d5 Na5 8. Nfd2 c5 9. Nc3 Rb8 10. a4 e6 11. Rb1 exd5 12. cxd5 a6 13. b4 cxb4 14. Rxb4 Nd7 15. Bb2 Qc7 16. Nce4 Bxb2 17. Rxb2 f5 18. Ng5 Ne5 19. Qb1 Qg7 20. Rc1 h6 21. Ne6 Bxe6 22. dxe6 Nac6 23. Rb6 Nd4 24. Kf1 Nec6 25. Bd5 Qe5 26. e7+ Qxd5 27. exf8Q+ Rxf8 28. Nf3 Nxf3 29. exf3 Qxf3 30. Qb3+ Qxb3 31. Rxb3 Rf7 32. Rd3 Rd7 33. Rcd1 Kf7 34. Rxd6 Re7 35. h4 Ne5 36. h5 gxh5 37. Rxh6 Rc7 38. Rh7+ 1-0

[Event "Titled Tuesday intern op 01st Aug Early"]
[Site "Chess.com INT"]
[Date "2023.08.01"]
[Round "5"]
[White "Heinemann, Josefine"]
[Black "Gu, Xiaobing"]
[Result "1-0"]
[WhiteElo "2278"]
[BlackElo "2144"]
[PlyCount "103"]
[EventDate "2023.08.01"]
[EventType "swiss (blitz)"]
[EventRounds "11"]
[EventCountry "USA"]
[SourceTitle "EXT 2024"]
[Source "ChessBase"]
[SourceDate "2023.10.10"]
[SourceVersion "1"]
[SourceVersionDate "2023.10.10"]
[SourceQuality "1"]

1. e4 c5 2. c3 Nf6 3. e5 Nd5 4. Nf3 Nc6 5. Bc4 Nb6 6. Bb3 c4 7. Bc2 d6 8. exd6 Qxd6 9. 0-0 Bg4 10. Re1 0-0-0 11. Qe2 e5 12. Na3 Kb8 13. Nxc4 Nxc4 14. Qxc4 Bxf3 15. gxf3 h5 16. Be4 h4 17. d3 h3 18. Qxf7 Be7 19. Be3 Rdf8 20. Qd5 Qf6 21. Qb5 a6 22. Qb6 Bd8 23. Qb3 Na5 24. Qa4 Rh4 25. Kf1 g5 26. b4 g4 27. bxa5 gxf3 28. Qb4 Qg7 29. Reb1 Rf7 30. Ke1 Rg4 31. Kd2 Rg2 32. Qd6+ Bc7 33. Qc5 Rd7 34. Qa7+ Kc8 35. Qxb7+ Kd8 36. Qa8+ Ke7 37. Bc5+ Kf7 38. Qc6 Kg8 39. Qe6+ Kh8 40. Qxh3+ Kg8 41. Qxf3 Qg5+ 42. Kc2 Rg4 43. Bd5+ Kg7 44. Qf8+ Kg6 45. Qg8+ Rg7 46. Qe8+ Kh6 47. Be3 Rf4 48. Bxf4 Qxf4 49. Kb3 Bd6 50. Qe6+ Rg6 51. Qh3+ Kg7 52. Rg1 1-0

[Event "Titled Tuesday intern op 20th Jun Early"]
[Site "Chess.com INT"]
[Date "2023.06.20"]
[Round "3"]
[White "Vargas Rodriguez, Wilver"]
[Black "Gu, Xiaobing"]
[Result "0-1"]
[WhiteElo "2304"]
[BlackElo "2144"]
[PlyCount "66"]
[EventDate "2023.06.20"]
[EventType "swiss (blitz)"]
[EventRounds "11"]
[EventCountry "USA"]
[SourceTitle "EXT 2024"]
[Source "ChessBase"]
[SourceDate "2023.10.10"]
[SourceVersion "1"]
[SourceVersionDate "2023.10.10"]
[SourceQuality "1"]

1. Nf3 Nf6 2. c4 g6 3. b4 Bg7 4. Bb2 0-0 5. g3 a5 6. b5 d6 7. Bg2 e5 8. 0-0 Nbd7 9. d3 Nc5 10. a4 Bg4 11. Nbd2 Qd7 12. Re1 Rae8 13. Qc2 Bh3 14. Bh1 Ng4 15. e3 h6 16. d4 Ne6 17. dxe5 dxe5 18. c5 f5 19. c6 bxc6 20. bxc6 Qf7 21. Ba3 e4 22. Nd4 Nxd4 23. exd4 Bxd4 24. Nf1 Bxf2+ 25. Qxf2 Nxf2 26. Bxf8 Qxf8 27. Kxf2 Qc5+ 28. Ne3 g5 29. Rec1 Qa7 30. Ke2 f4 31. gxf4 gxf4 32. Rg1+ Kf7 33. Ng4 f3+ 0-1

[Event "Titled Tuesday intern op 21st Feb Early"]
[Site "Chess.com INT"]
[Date "2023.02.21"]
[Round "3"]
[White "Florescu, Codrut Constantin"]
[Black "Gu, Xiaobing"]
[Result "1-0"]
[WhiteElo "2245"]
[BlackElo "2167"]
[PlyCount "121"]
[EventDate "2023.02.21"]
[EventType "swiss (blitz)"]
[EventRounds "11"]
[EventCountry "USA"]
[SourceTitle "CBM 212 Extra"]
[Source "ChessBase"]
[SourceDate "2023.03.31"]
[SourceVersion "1"]
[SourceVersionDate "2023.03.31"]
[SourceQuality "1"]

1. e4 c5 2. Nf3 d6 3. d4 cxd4 4. Nxd4 Nf6 5. Nc3 a6 6. f4 e5 7. Nf3 Nbd7 8. Bc4 Be7 9. a4 Qc7 10. Qe2 0-0 11. 0-0 Nc5 12. Kh1 Re8 13. fxe5 dxe5 14. Bg5 Be6 15. Bxf6 Bxf6 16. Nd5 Bxd5 17. Bxd5 Ne6 18. c4 a5 19. g3 Ra6 20. Rad1 Rb6 21. Rd2 Rb3 22. Kg2 b6 23. Rfd1 h6 24. Rd3 Rb4 25. Bxe6 fxe6 26. b3 Kh7 27. h4 h5 28. Ne1 Qf7 29. Nc2 Be7 30. Nxb4 Bxb4 31. Rf1 Qg6 32. Rd7 Bc5 33. Qf3 Rf8 34. Qd3 Rxf1 35. Kxf1 Qg4 36. Rf7 Qh3+ 37. Ke2 Qg2+ 38. Kd1 Qg1+ 39. Kc2 Qg2+ 40. Kd1 Qg1+ 41. Rf1 Qg2 42. Qf3 Qb2 43. Qxh5+ Kg8 44. Rf3 Qb1+ 45. Ke2 Qc2+ 46. Kf1 Qd1+ 47. Kg2 Qg1+ 48. Kh3 Qh1+ 49. Kg4 Qd1 50. Qf7+ Kh8 51. Qxe6 Bd4 52. Qf5 Qe2 53. h5 Qd1 54. h6 gxh6 55. Qf8+ Kh7 56. Qf7+ Kh8 57. Qg6 Be3 58. Qe8+ Kh7 59. Qf7+ Kh8 60. Kh5 Qh1+ 61. Kg6 1-0

[Event "Titled Tuesday intern op 08th Nov Early"]
[Site "Chess.com INT"]
[Date "2022.11.08"]
[Round "1"]
[White "Gu, Xiaobing"]
[Black "Gokerkan, Cem Kaan"]
[Result "0-1"]
[WhiteElo "2167"]
[BlackElo "2470"]
[PlyCount "70"]
[EventDate "2022.11.08"]
[EventType "swiss (blitz)"]
[EventRounds "11"]
[EventCountry "USA"]
[SourceTitle "EXT 2024"]
[Source "ChessBase"]
[SourceDate "2023.10.10"]
[SourceVersion "1"]
[SourceVersionDate "2023.10.10"]
[SourceQuality "1"]

1. e4 Nf6 2. e5 Nd5 3. d4 d6 4. c4 Nb6 5. Nf3 Bg4 6. exd6 cxd6 7. Nc3 e6 8. Be2 Be7 9. 0-0 0-0 10. b3 Nc6 11. Be3 d5 12. c5 Nd7 13. Rb1 a5 14. a3 Nf6 15. b4 axb4 16. axb4 Ne4 17. Qb3 Bf6 18. Rfd1 Re8 19. h3 Bh5 20. Rbc1 Nxc3 21. Qxc3 e5 22. g4 exd4 23. Nxd4 Bxd4 24. Rxd4 Nxd4 25. Qxd4 Bg6 26. b5 Re4 27. Qd2 d4 28. Bg5 Rxe2 29. Qxe2 Qxg5 30. Re1 Qxc5 31. b6 h5 32. Kg2 hxg4 33. hxg4 Qxb6 34. Qe5 Qc6+ 35. Kg3 d3 0-1

[Event "Titled Tuesday intern op 01st Nov Early"]
[Site "Chess.com INT"]
[Date "2022.11.01"]
[Round "9"]
[White "Bilan, Danila"]
[Black "Gu, Xiaobing"]
[Result "0-1"]
[WhiteElo "2303"]
[BlackElo "2167"]
[PlyCount "58"]
[EventDate "2022.11.01"]
[EventType "swiss (blitz)"]
[EventRounds "11"]
[EventCountry "USA"]
[SourceTitle "EXT 2024"]
[Source "ChessBase"]
[SourceDate "2023.10.10"]
[SourceVersion "1"]
[SourceVersionDate "2023.10.10"]
[SourceQuality "1"]

1. d4 Nf6 2. Nf3 g6 3. Bg5 Bg7 4. c3 0-0 5. Nbd2 d6 6. e4 Nbd7 7. Qc2 e5 8. dxe5 dxe5 9. Bc4 c6 10. 0-0 Qc7 11. a4 Nc5 12. h3 Be6 13. b4 Bxc4 14. Nxc4 Ncxe4 15. Bxf6 Nxf6 16. Ncxe5 Rfe8 17. Nc4 Nd5 18. Nd4 Nxb4 19. cxb4 Bxd4 20. Rad1 Rad8 21. Rd3 b6 22. Rfd1 c5 23. Na3 Qf4 24. Nb5 Re4 25. Nxa7 Rde8 26. Rf1 Re2 27. Qb3 Rxf2 28. Rxf2 Qxf2+ 29. Kh2 Be5+ 0-1

[Event "Titled Tuesday intern op 01st Nov Early"]
[Site "Chess.com INT"]
[Date "2022.11.01"]
[Round "10"]
[White "Gu, Xiaobing"]
[Black "Odegov, Artem"]
[Result "1-0"]
[WhiteElo "2167"]
[BlackElo "2286"]
[PlyCount "81"]
[EventDate "2022.11.01"]
[EventType "swiss (blitz)"]
[EventRounds "11"]
[EventCountry "USA"]
[SourceTitle "EXT 2024"]
[Source "ChessBase"]
[SourceDate "2023.10.10"]
[SourceVersion "1"]
[SourceVersionDate "2023.10.10"]
[SourceQuality "1"]

1. e4 e6 2. d4 d5 3. Nd2 Nf6 4. e5 Nfd7 5. Bd3 c5 6. c3 Nc6 7. Ne2 cxd4 8. cxd4 f6 9. exf6 Nxf6 10. 0-0 Bd6 11. Nf3 Qc7 12. Bg5 0-0 13. Bh4 Ng4 14. Bg3 Bxg3 15. Nxg3 g6 16. Rc1 Bd7 17. h3 Nf6 18. Re1 Qf4 19. Bb5 Ne4 20. Bxc6 Bxc6 21. Ne2 Qh6 22. Ng3 Qf4 23. Ne2 Qh6 24. Rc2 Rf6 25. Ng3 Raf8 26. Nxe4 dxe4 27. Ne5 e3 28. Ng4 exf2+ 29. Rxf2 Rxf2 30. Nxh6+ Kg7 31. Re2 Rxe2 32. Qxe2 Kxh6 33. Qxe6 Rf5 34. g4 Rd5 35. Qe7 Rd7 36. Qf8+ Kg5 37. Kf2 h5 38. Kg3 h4+ 39. Kf2 a6 40. Ke3 Bd5 41. Qf4# 1-0

[Event "Titled Tuesday intern op 01st Nov Early"]
[Site "Chess.com INT"]
[Date "2022.11.01"]
[Round "8"]
[White "Gu, Xiaobing"]
[Black "Vlassov, Nikolai"]
[Result "1-0"]
[WhiteElo "2167"]
[BlackElo "2283"]
[PlyCount "43"]
[EventDate "2022.11.01"]
[EventType "swiss (blitz)"]
[EventRounds "11"]
[EventCountry "USA"]
[SourceTitle "EXT 2024"]
[Source "ChessBase"]
[SourceDate "2023.10.10"]
[SourceVersion "1"]
[SourceVersionDate "2023.10.10"]
[SourceQuality "1"]

1. e4 Nc6 2. d4 d5 3. Nc3 e5 4. Nxd5 exd4 5. Nf3 Be6 6. Nf4 Nf6 7. Bb5 Bb4+ 8. Bd2 Bxd2+ 9. Qxd2 0-0 10. e5 Ne4 11. Qe2 Ng5 12. 0-0-0 Nxf3 13. Bxc6 bxc6 14. gxf3 c5 15. Rhg1 Qh4 16. Qe4 Qxf2 17. Nh5 g6 18. Kb1 Kh8 19. Qf4 f5 20. Qh6 Rf7 21. Rxg6 Qxf3 22. Rdg1 1-0

[Event "Titled Tuesday intern op 01st Nov Early"]
[Site "Chess.com INT"]
[Date "2022.11.01"]
[Round "5"]
[White "Levine, David M"]
[Black "Gu, Xiaobing"]
[Result "0-1"]
[WhiteElo "2068"]
[BlackElo "2167"]
[PlyCount "46"]
[EventDate "2022.11.01"]
[EventType "swiss (blitz)"]
[EventRounds "11"]
[EventCountry "USA"]
[SourceTitle "EXT 2024"]
[Source "ChessBase"]
[SourceDate "2023.10.10"]
[SourceVersion "1"]
[SourceVersionDate "2023.10.10"]
[SourceQuality "1"]

1. d4 Nf6 2. c4 g6 3. g3 Bg7 4. Bg2 d6 5. Nf3 0-0 6. 0-0 Nc6 7. Nc3 Rb8 8. Bg5 a6 9. d5 Na5 10. b3 c5 11. dxc6 bxc6 12. Qd2 c5 13. Bh6 Nc6 14. Rad1 Bb7 15. Rfe1 Qa5 16. Bxg7 Kxg7 17. Nd5 Qxd2 18. Rxd2 Ne4 19. Rc2 e6 20. Nb6 Rfd8 21. Nd2 Nd4 22. Nxe4 Nxc2 23. Rc1 Nd4 0-1

[Event "Titled Tuesday intern op 01st Nov Early"]
[Site "Chess.com INT"]
[Date "2022.11.01"]
[Round "2"]
[White "Narayanan, Srinath"]
[Black "Gu, Xiaobing"]
[Result "1-0"]
[WhiteElo "2559"]
[BlackElo "2167"]
[PlyCount "87"]
[EventDate "2022.11.01"]
[EventType "swiss (blitz)"]
[EventRounds "11"]
[EventCountry "USA"]
[SourceTitle "EXT 2024"]
[Source "ChessBase"]
[SourceDate "2023.10.10"]
[SourceVersion "1"]
[SourceVersionDate "2023.10.10"]
[SourceQuality "1"]

1. d4 Nf6 2. Bf4 g6 3. e3 Bg7 4. Nd2 d6 5. h3 c5 6. c3 0-0 7. Ngf3 b6 8. Bh2 Ba6 9. Bxa6 Nxa6 10. 0-0 Nc7 11. e4 Qd7 12. Qe2 Rfe8 13. Rfd1 Qb5 14. Qxb5 Nxb5 15. a4 Nc7 16. e5 dxe5 17. Bxe5 Ncd5 18. dxc5 bxc5 19. Nc4 e6 20. a5 Nd7 21. Bg3 N7f6 22. Rd3 Ne4 23. Bh2 Rad8 24. Re1 Ndf6 25. Rxd8 Rxd8 26. Be5 h6 27. Kf1 Kf8 28. a6 Ng5 29. Nxg5 hxg5 30. Bd6+ Kg8 31. Bxc5 Rc8 32. b4 Nd7 33. Nd6 Rc6 34. Ne4 Rxa6 35. Rd1 Nxc5 36. Nxc5 Ra2 37. Ne4 f5 38. Nxg5 Bxc3 39. Rd8+ Kg7 40. Rd7+ Kf6 41. f4 Ra1+ 42. Ke2 Ra2+ 43. Kf3 e5 44. Rf7# 1-0

[Event "Titled Tuesday intern op 18th Oct Early"]
[Site "Chess.com INT"]
[Date "2022.10.18"]
[Round "4"]
[White "Lauridsen, Jesper Morch"]
[Black "Gu, Xiaobing"]
[Result "1-0"]
[WhiteElo "2221"]
[BlackElo "2167"]
[PlyCount "71"]
[EventDate "2022.10.18"]
[EventType "swiss (blitz)"]
[EventRounds "11"]
[EventCountry "USA"]
[SourceTitle "EXT 2024"]
[Source "ChessBase"]
[SourceDate "2023.10.10"]
[SourceVersion "1"]
[SourceVersionDate "2023.10.10"]
[SourceQuality "1"]

1. e4 c5 2. Nf3 d6 3. d4 cxd4 4. Nxd4 Nf6 5. Nc3 a6 6. Bc4 e6 7. a3 Nbd7 8. Bxe6 fxe6 9. Nxe6 Qa5 10. 0-0 Qe5 11. Nc7+ Kf7 12. Nxa8 h5 13. Nd5 Ng4 14. f4 Qxe4 15. Nac7 Nc5 16. b4 Ne6 17. Nc3 Qc6 18. N7d5 Nc7 19. f5 Be7 20. Bb2 Bg5 21. Nxc7 Be3+ 22. Kh1 Nf2+ 23. Rxf2 Bxf2 24. Qd5+ Kf8 25. Qxc6 bxc6 26. Ne6+ Ke7 27. Ne4 Bb6 28. Re1 d5 29. N4g5 Kd6 30. Be5+ Kd7 31. Bxg7 Rg8 32. f6 Bf2 33. Rf1 Bd4 34. f7 Rxg7 35. f8Q Rxg5 36. Nxg5 1-0

[Event "Titled Tuesday intern op 18th Oct Early"]
[Site "Chess.com INT"]
[Date "2022.10.18"]
[Round "2"]
[White "Vargas, Mauricio"]
[Black "Gu, Xiaobing"]
[Result "0-1"]
[WhiteElo "2125"]
[BlackElo "2167"]
[PlyCount "62"]
[EventDate "2022.10.18"]
[EventType "swiss (blitz)"]
[EventRounds "11"]
[EventCountry "USA"]
[SourceTitle "EXT 2024"]
[Source "ChessBase"]
[SourceDate "2023.10.10"]
[SourceVersion "1"]
[SourceVersionDate "2023.10.10"]
[SourceQuality "1"]

1. e4 c5 2. Nc3 a6 3. f4 b5 4. Nf3 Bb7 5. d3 d6 6. g4 g6 7. Bg2 Bg7 8. 0-0 h5 9. g5 e6 10. Qe1 Ne7 11. Bd2 Nbc6 12. Ne2 Bxb2 13. Rb1 Bg7 14. c3 Qc7 15. a4 0-0 16. axb5 axb5 17. Qh4 Ra2 18. Rfd1 Rfa8 19. Ng3 b4 20. c4 Nd4 21. Nxd4 Bxd4+ 22. Kh1 R8a3 23. f5 exf5 24. exf5 Bxg2+ 25. Kxg2 Rxd3 26. f6 Rdxd2+ 27. Kf1 Rf2+ 28. Ke1 Bc3+ 29. Rd2 Raxd2 30. Nxh5 Rde2+ 31. Kd1 Re1# 0-1